Alle Länder unter arabischer Herrschaft (mit Karte) - Statistiken

Allgemein
  • Dieses Quiz wurde 35 mal gespielt
  • Das Durchschnittsergebnis liegt bei 56 aus 63
Antworten auf der Karte
Die Antworten werden auf der Karte rot bzw. grün angezeigt, abhängig davon wie oft sie richtig erraten wurden.
 
Antwortstatistiken
Land % Korrekt
Ägypten
100%
Algerien
100%
Libyen
100%
Marokko
100%
Tunesien
100%
Irak
97%
Iran
97%
Oman
97%
Portugal
97%
Spanien
97%
Syrien
97%
Frankreich
94%
Jemen
94%
Jordanien
94%
Katar
94%
Mali
94%
Saudi-Arabien
94%
Sudan
94%
Türkei
94%
Vereinigte Arabische Emirate
94%
Zypern
94%
Afghanistan
91%
Armenien
91%
Äthiopien
91%
Indien
91%
Israel
91%
Kirgistan
91%
Mauretanien
91%
Pakistan
91%
Südsudan
91%
Andorra
88%
Aserbaidschan
88%
Bahrain
88%
Demokratische Republik Kongo
88%
Georgien
88%
Italien
88%
Kasachstan
88%
Kuwait
88%
Libanon
88%
Somalia
88%
Tadschikistan
88%
Turkmenistan
88%
Eritrea
85%
Kamerun
85%
Kenia
85%
Niger
85%
Nigeria
85%
Russland
85%
Tansania
85%
Tschad
85%
Usbekistan
85%
Zentralafrikanische Republik
85%
Griechenland
82%
Malta
82%
Burkina Faso
79%
Mosambik
79%
Benin
76%
Dschibuti
76%
Madagaskar
76%
Komoren
73%
Kroatien
73%
Burundi
70%
Sambia
61%
Keine übereinstimmenden Quizze gefunden
Verteilung der Resultate
Anzahl Personen mit jedem Resultat
Perzentil nach korrekt beantworteten Fragen
Ihre Resultats-Entwicklung
Sie haben dieses Quiz noch nicht gespielt